Estándares TIC para la formación inicial docente: una propuesta en el contexto chileno
में बचाया:
| निगमित लेखक: | |
|---|---|
| स्वरूप: | पुस्तक |
| भाषा: | स्पेनिश |
| प्रकाशित: |
Santiago
Ministerio de Educación
2008
|
| संस्करण: | 1a. ed |
| विषय: | |
| टैग: |
टैग जोड़ें
कोई टैग नहीं, इस रिकॉर्ड को टैग करने वाले पहले व्यक्ति बनें!
|
MARC
| LEADER | 00000nam a2200000 a 4500 | ||
|---|---|---|---|
| 001 | UCH2526 | ||
| 003 | CL-VaPUC | ||
| 005 | 20220526074500.0 | ||
| 008 | 090618e20080000CL |||||||||||||||||spa|d | ||
| 999 | |c 334255 |d 334253 | ||
| 020 | |a 9789562921855 | ||
| 040 | |c Pontificia Universidad Católica de Valparaíso | ||
| 082 | 0 | 4 | |a 371.12 |b MIN |2 21 |
| 110 | 1 | |a Ministerio de Educación |e autor |9 865851 | |
| 245 | 1 | 0 | |a Estándares TIC para la formación inicial docente: una propuesta en el contexto chileno |
| 250 | |a 1a. ed | ||
| 260 | |a Santiago |b Ministerio de Educación |c 2008 | ||
| 300 | |a 186 p | ||
| 583 | |a last modification |c 20090618 00:00:00 |k Rodrigo Vera | ||
| 650 | 0 | |a Formación profesional de profesores |9 307493 | |
| 650 | 0 | |a Práctica profesional |9 358078 | |
| 650 | 0 | |a Rol del docente |9 329733 | |
| 650 | 0 | |a Competencias |9 341916 | |
| 650 | 0 | |a Aprendizaje |9 254827 | |
| 942 | |c BK |2 ddc | ||
| 945 | |d 20090618 00:00:00 |a rbrito | ||
| 952 | |0 0 |1 0 |4 0 |6 371_120000000000000_MIN_2008 |7 0 |8 A |9 423132 |a BIBEDU |b BIBEDU |d 2019-11-22 |i 4563875 |o 371.12 MIN 2008 |p 4563875 |r 2019-11-22 |w 2019-11-22 |y BK |k BME | ||
| 952 | |0 0 |1 0 |4 0 |6 371_120000000000000_MIN_2008 |7 0 |8 A |9 423133 |a BIBEDU |b BIBEDU |d 2019-11-22 |i 4563883 |o 371.12 MIN 2008 |p 4563883 |r 2019-11-22 |w 2019-11-22 |y BK |k BME | ||